Pensamientos de Marco Aurelio

সংরক্ষণ করুন:
গ্রন্থ-পঞ্জীর বিবরন
প্রধান লেখক: Marco Aurelio (autor)
বিন্যাস: গ্রন্থ
ভাষা:স্প্যানিশ
প্রকাশিত: París Garnier Hermanos 1929
মালা:Autores Célebres
বিষয়গুলি:
ট্যাগগুলো: ট্যাগ যুক্ত করুন
কোনো ট্যাগ নেই, প্রথমজন হিসাবে ট্যাগ করুন!

MARC

LEADER 00000nam a2200000 a 4500
001 UCZ9085
003 CL-VaPUC
005 20220114074118.0
008 960301e19290000FR |||||||||||||||||spa|d
999 |c 244672  |d 244670 
040 |c Pontificia Universidad Católica de Valparaíso 
082 0 4 |a 188  |b MAR  |2 21 
100 |a Marco Aurelio  |e autor  |9 862375 
245 1 0 |a Pensamientos de Marco Aurelio 
246 1 0 |a Manual de Epicteto 
246 1 0 |a Cuadro de Cebes 
260 |a París  |b Garnier Hermanos  |c 1929 
300 |a 333 p 
490 0 |a Autores Célebres 
583 |a last modification  |c 19960301 00:00:00  |k Rodrigo Vera 
650 0 |a Filosofía antigua   |9 255705 
650 0 |a Filosofía romana   |9 344946 
942 |c BK  |2 ddc 
945 |d 19960301 00:00:00  |a rleighto 
952 |0 0  |1 0  |4 0  |6 188_000000000000000_MAR_1929  |7 0  |8 P  |9 258829  |a BIBEDU  |b BIBEDU  |d 2019-11-19  |i 3173917  |o 188 MAR 1929  |p 3173917  |r 2019-11-19  |w 2019-11-19  |y BK  |k LIT